| Поле | Название | Значение |
| |
Тип записи |
c |
| |
Библиографический уровень |
m |
| 001 |
Контрольный номер |
UONB/MAIN/ad3af1f0e453484799d81370b303864f |
| 005 |
Дата корректировки |
20241226161935.6 |
| 010 |
Индекс ISBN |
__ |
| 9 |
Тираж |
4000 экз. |
| 013 |
Номер (ISMN) |
__ |
| d |
Цена |
2 р. 25 к. |
| 071 |
Издательские номер (звукозапись и ноты) |
21 |
| a |
Номер, присвоенный агентством |
6364 |
| 100 |
Данные общей обработки |
__ |
| a |
Данные общей обработки |
20231209d1971 u y0rusy0189 ca |
| 101 |
Язык документа |
0_ |
| a |
Язык текста |
rus |
| f |
Язык титульного листа |
rus |
| 102 |
Страна публикации |
__ |
| a |
Страна публикации |
RU |
| 125 |
Кодированные данные звукозаписи и нотных изданий |
__ |
| a |
Форма изложения нотного текста |
с |
| 128 |
Кодированные данные (звукозаписи-физические характеристики) |
__ |
| a |
Кодированные данные: Музыкальная форма и тональность или лад |
li |
| c |
Инструменты или голоса, рекомендуемые для солистов (устаревшее) |
vj |
| 200 |
Заглавие и сведения об ответственности |
1_ |
| a |
Заглавие |
Репертуар начинающего певца |
| e |
Сведения, относящиеся к заглавию |
песни и романсы |
| e |
Сведения, относящиеся к заглавию |
для низких мужских голосов с фортепиано |
| f |
Первые сведения об ответственности |
составитель [и автор предисловия] О. Далецкий |
| 203 |
Вид содержания и тип средства |
__ |
| a |
Вид содержания |
Музыка |
| b |
Характеристика содержания |
знаковая |
| c |
Тип средства |
непосредственная |
| 210 |
Выходные данные |
1_ |
| a |
Место издания |
Москва |
| c |
Издательство |
Музыка |
| d |
Дата издания |
1971 |
| 215 |
Физическое описание |
__ |
| a |
Объем |
177 с. |
| d |
Формат |
29 см |
| 225 |
Серия |
1_ |
| a |
Серия |
Вокально-педагогический репертуар |
| 300 |
Общие примечания |
__ |
| a |
Общие примечания |
На обл. сост. не указан |
| 327 |
Примечание о содержании |
11 |
| a |
Примечание о содержании |
Содерж. : Народные песни : О Вольге и Микуле : былина ; Во поле береза стояла... : рус. нар. песня / обраб. Н. Римского-Корсакова. - По небу, по синему... ; Расчешу ль я головушку... : рус. нар. песни. - Убежденный холостяк : рус. нар. песня / обраб. О. Далецкого. - Загулял я, молодец... : рус. нар. песня / обраб. И. Прача. - Ноченька : рус. нар. песня / обраб. В. Гайгеровой. - Калина : рус. нар. песня / гармониз. А. Березина. - Бурлацкая ; Уж ты, поле мое... : рус. нар. песни / обраб. М. Балакирева. - Не велят Маше... : рус. нар. песня / обраб. А. Глазунова. - Прощай, радость... : рус. нар. песня / обраб. В. Каратыгина. - Казав менi батько... : укр. нар. песня / обраб. Н. Лысенко. - Чоловiк ciе жито... : укр. нар. песня. - Задумала вража баба... : укр. нар. песня / перелож. А. Едличка. - Чонгури : груз. нар. песня / обраб. Д. Аракишвили ; рус. текст И. Аракишвили. - Добрый мельник : литов. нар. песня / обраб. В. Шипулина ; рус. текст В. Рождественского и Н. Найденовой. - Маусымжан : казах. нар. песня / обраб. Л. Бирнова ; рус. текст О. Фадеевой. - Взор твой я ловлю : тадж. нар. песня / обраб. Л. Бирнова ; пер. М. Лапирова. - Под окошком твоим : хорват. нар. песня / обраб. Ф. Кюссака ; пер. Т. Спендиаровой. - Старинный танец : фин. нар. песня / обраб. Г. Меллера ; пер. В. Струева и Ю. Верниковской. - Что мне делать, дай совет... : румын. нар. песня / обраб. Г. Чобану ; пер. А. Машистова. - На берегах Ди : англ. шахтерская песня / обраб. А. Долуханяна ; пер. Т. Сикорской. - Нет, Джон! : англ. нар. песня / обраб. С. Шарп ; пер. С. Болотина и Т. Сикорской. - Сирена зовет : англ. нар. песня / обраб. В. Сибирского ; пер. С. Болотина и Т. Сикорской. - Тоска по родине : ирланд. нар. песня / обраб. Э. Чисхолма ; пер. Л. Чудовой. - Песня о дружбе : шотл. нар. застольная / обраб. B. Дэвиса ; сл. Р. Бернса ; пер. С. Маршака. - Небо : песня американских негров / обраб. Ч. Маней ; пер. C. Болотина и Т. Сикорской. - Песня солидарности : амер. рабочий гимн / обраб. Э. Сигмейстера ; пер. Ю. Хазанова. - Риг-э-джиг-джиг : амер. матросская песня / обраб. Т. Весселса ; пер. Ю. Хазанова. - Сенатор : фр. нар. песня / обраб. Ф. Казадезюса ; сл. П.-Ж. Беранже ; пер. В. Дмитриева. - Кадэ Русель : фр. нар. песня / обраб. М. Иорданского ; сл. П.-Ж. Беранже ; пер. В. Малкова и М. Андронова. - Пой о любви, волынка... : фр. нар. песня / обраб. М. Иорданского ; рус. текст В. Малкова и М. Андронова. - При лунном свете : фр. нар. песня / обраб. М. Иорданского ; сл. П.-Ж. Беранже ; рус. текст В. Малкова и М. Андронова. - Мне все равно : нем. нар. песня / обраб. Г. Бентока ; пер. Л. Озерова. - Колыбельная : неаполитан. нар. песня / обраб. В. Мельо ; рус. текст М. Улицкого. - Песня путешественника : норв. нар. песня / обраб. и пер. Ю. Объедова. - Мудрый судья : чил. нар. песня / обраб. В. Сибирского ; рус. текст Т. Сикорской. - Приди : сирийская нар. песня / обраб. А. Фулияна ; пер. Г. Регистана. - Прекрасная Фатьма : алжир. нар. песня / обраб. В. Сибирского ; рус. текст Ю. Хазанова. - Любовь ушла : египет. нар. песня / обраб. В. Сибирского ; рус. текст Ю. Хазанова. - Песни и романсы зарубежных композиторов : Бах И. С. Уходит день / рус. текст С. Гинзберг. - Бетховен Л. Сурок / сл. И. В. Гете ; пер. С. Заяницкого ; Дух бардов / сл. Ф. Р. Германа ; пер. А. Глобы ; Походная песня / сл. Фридельберга ; пер. А. Глобы. - Шуберт Ф. Шарманщик / сл. В. Мюллера ; пер. С. Заяницкого ; Прости! / пер. А. Плещеева. - Шуман Р. Вечерняя звезда / сл. Г. Фаллерслебена ; пер. Я. Родионова ; В старом замке / сл. И. Эйхендорфа ; пер. В. Аргамакова. - Григ Э. Старая песня / сл. Г. Гейне ; рус. текст М. Слонова. - Дюпюи А. Ж. Юность, вперед! / сл. А. Ж. Дюпюи ; пер. В. Сикорского. - Лемарк Ф. Песенка французского солдата / сл. Ф. Лемарка ; пер. Д. Самойлова. - Фальво Р. Скажите, девушки... / рус. текст М. Улицкого. - Марини М. Самая прекрасная в мире / сл. М. Марини ; рус. текст А. Годова. - Вила-Лобос Э. Желтая птичка / сл. нар. - Сигер П. Товарный поезд / сл. нар. ; пер. С. Болотина и Т. Сикорской. - Робинсон Э. Джо Хилл : баллада / пер. С. Болотина. - Романсы русских композиторов : Алябьев А. Я вас любил... ; Если жизнь тебя обманет... / сл. А. Пушкина. - Гурилев А. Улетела пташечка... / сл. С. Сельского. - Булахов П. Не пробуждай воспоминаний... / сл. неизв. авт. ; Свидание / сл. Н. Грекова. - Дюбюк А. Не обмани! / сл. Г. Гейне ; Улица, улица... ; Поцелуй же меня, моя душечка! / сл. С. Писарева. - Яковлев М. Элегия / сл. А. Дельвига. - Абаза В. Утро туманное... / сл. И. Тургенева. - Шереметев Б. Я вас любил... / сл. А. Пушкина. - Глинка М. Не щебечи, соловейку... ; Гуде вiтер... / сл. В. Забилы ; Забуду ль я... / сл. С. Голицына. - Даргомыжский А. Я вас любил... / сл. А. Пушкина ; Мчит меня в твои объятья... / сл. В. Курочкина. - Кюи Ц. Царскосельская статуя / сл. А. Пушкина. - Чайковский П. Осень / сл. А. Плещеева. - Соколовский Н. В поле ветер веет... / сл. А. Кольцова. - Песни советских композиторов : Книппер Л. Степная кавалерийская (Полюшко-поле) / сл. В. Гусева. - Покрасс Дм. Прощание / сл. М. Исаковского. - Блантер М. Ой ты, Северное море... / сл. А. Галича ; Грустные ивы / сл. А. Жарова ; Солнце скрылось за горою... / сл. А. Коваленкова. - Мокроусов Б. Хороши весной в саду цветочки... / сл. С. Алымова ; Одинокая гармонь / сл. М. Исаковского. - Соловьев-Седой В. Споем, друзья... / сл. Н. Глейзарова. - Хренников Т. Песенка Лепелетье / сл. А. Гладкова. - Кабалевский Д. Серенада Дон-Кихота / сл. С. Богомазова. - Мурадели В. Русская гармонь / сл. Е. Савинова. - Флярковский А. Для тебя... / сл. В. Гнеушева. - Баснер В. На безымянной высоте / сл. М. Матусовского. - Фельцман О. Песенка моего друга / сл. Л. Ошанина. - Левина З. Веселая песенка / сл. Г. Мамлина. - Кочуров Ю. Посвящение / сл. А. Гарнакерьяна. - Шостакович Д. Дженни / сл. Р. Бернса ; пер. С.Маршака ; День воспоминаний / сл. Е. Долматовского. |
| 464 |
Аналитический уровень |
_0 |
| 1 |
|
702 1 |
| a |
|
Римский-Корсаков |
| b |
|
Н. |
| 4 |
|
030 |
| 1 |
|
2001 |
| a |
|
О Вольге и Микуле |
| e |
|
былина |
| 1 |
|
036 |
| t |
|
Жил Святослав девяносто лет... |
| 464 |
Аналитический уровень |
_0 |
| 1 |
|
702 1 |
| a |
|
Римский-Корсаков |
| b |
|
Н. |
| 4 |
|
030 |
| 1 |
|
2001 |
| a |
|
Во поле береза стояла... |
| e |
|
рус. нар. песня |
| 1 |
|
036 |
| t |
|
Во поле береза стояла... |
| 464 |
Аналитический уровень |
_0 |
| 1 |
|
2001 |
| a |
|
По небу, по синему... |
| e |
|
рус. нар. песня |
| 1 |
|
036 |
| t |
|
По небу, по синему... |
| 464 |
Аналитический уровень |
_0 |
| 1 |
|
2001 |
| a |
|
Расчешу ль я головушку... |
| e |
|
рус. нар. песня |
| 1 |
|
036 |
| t |
|
Расчешу ль я головушку... |
| 464 |
Аналитический уровень |
_0 |
| 1 |
|
702 1 |
| a |
|
Далецкий |
| b |
|
О. |
| 4 |
|
030 |
| 1 |
|
2001 |
| a |
|
Убежденный холостяк |
| e |
|
рус. нар. песня |
| 1 |
|
036 |
| t |
|
Ох, как тяжко мне... |
| 464 |
Аналитический уровень |
_0 |
| 1 |
|
702 1 |
| a |
|
Прач |
| b |
|
И. |
| 4 |
|
030 |
| 1 |
|
2001 |
| a |
|
Загулял я, молодец... |
| e |
|
рус. нар. песня |
| 1 |
|
036 |
| t |
|
Загулял я, молодец... |
| 464 |
Аналитический уровень |
_0 |
| 1 |
|
702 1 |
| a |
|
Гайгерова |
| b |
|
В. |
| 4 |
|
030 |
| 1 |
|
2001 |
| a |
|
Ноченька |
| e |
|
рус. нар. песня |
| 1 |
|
036 |
| t |
|
Ах ты, ноченька... |
| 464 |
Аналитический уровень |
_0 |
| 1 |
|
2001 |
| a |
|
Калина |
| e |
|
рус. нар. песня |
| 1 |
|
036 |
| t |
|
На горе-то калина... |
| 464 |
Аналитический уровень |
_0 |
| 1 |
|
702 1 |
| a |
|
Балакирев |
| b |
|
М. |
| 4 |
|
030 |
| 1 |
|
2001 |
| a |
|
Бурлацкая |
| e |
|
рус. нар. песня |
| 1 |
|
036 |
| t |
|
Эй, ухнем!.. |
| 464 |
Аналитический уровень |
_0 |
| 1 |
|
702 1 |
| a |
|
Балакирев |
| b |
|
М. |
| 4 |
|
030 |
| 1 |
|
2001 |
| a |
|
Уж ты, поле мое... |
| e |
|
рус. нар. песня |
| 1 |
|
036 |
| t |
|
Уж ты, поле мое... |
| 464 |
Аналитический уровень |
_0 |
| 1 |
|
702 1 |
| a |
|
Глазунов |
| b |
|
А. |
| 4 |
|
030 |
| 1 |
|
2001 |
| a |
|
Не велят Маше... |
| e |
|
рус. нар. песня |
| 1 |
|
036 |
| t |
|
Не велят Маше... |
| 464 |
Аналитический уровень |
_0 |
| 1 |
|
702 1 |
| a |
|
Каратыгин |
| b |
|
В. |
| 4 |
|
030 |
| 1 |
|
2001 |
| a |
|
Прощай, радость... |
| e |
|
рус. нар. песня |
| 1 |
|
036 |
| t |
|
Прощай, радость, жизнь моя!.. |
| 464 |
Аналитический уровень |
_0 |
| 1 |
|
702 1 |
| a |
|
Лысенко |
| b |
|
Н. |
| 4 |
|
030 |
| 1 |
|
2001 |
| a |
|
Казав менi батько... |
| e |
|
укр. нар. песня |
| 1 |
|
036 |
| t |
|
Казав менi батько... |
| 464 |
Аналитический уровень |
_0 |
| 1 |
|
2001 |
| a |
|
Чоловiк ciе жито... |
| e |
|
укр. нар. песня |
| 1 |
|
036 |
| t |
|
Чоловiк ciе жито... |
| 464 |
Аналитический уровень |
_0 |
| 1 |
|
702 1 |
| a |
|
Едличка |
| b |
|
А. |
| 4 |
|
030 |
| 1 |
|
2001 |
| a |
|
Задумала вража баба... |
| e |
|
укр. нар. песня |
| 1 |
|
036 |
| t |
|
Задумала вража баба... |
| 464 |
Аналитический уровень |
_0 |
| 1 |
|
702 1 |
| a |
|
Аракишвили |
| b |
|
Д. |
| 4 |
|
030 |
| 1 |
|
2001 |
| a |
|
Чонгури |
| e |
|
груз. нар. песня |
| 1 |
|
036 |
| t |
|
Пой со мной, чонгури верный... |
| 464 |
Аналитический уровень |
_0 |
| 1 |
|
702 1 |
| a |
|
Шипулин |
| b |
|
В. |
| 4 |
|
030 |
| 1 |
|
2001 |
| a |
|
Добрый мельник |
| e |
|
литов. нар. песня |
| 1 |
|
036 |
| t |
|
Есть у мельника три сына... |
| 464 |
Аналитический уровень |
_0 |
| 1 |
|
702 1 |
| a |
|
Бирнов |
| b |
|
Л. |
| 4 |
|
030 |
| 1 |
|
2001 |
| a |
|
Маусымжан |
| e |
|
казах. нар. песня |
| 1 |
|
036 |
| t |
|
Если милая моя засмеется... |
| 464 |
Аналитический уровень |
_0 |
| 1 |
|
702 1 |
| a |
|
Бирнов |
| b |
|
Л. |
| 4 |
|
030 |
| 1 |
|
2001 |
| a |
|
Взор твой я ловлю |
| e |
|
тадж. нар. песня |
| 1 |
|
036 |
| t |
|
Пел соловей мне песню разлуки... |
| 464 |
Аналитический уровень |
_0 |
| 1 |
|
702 1 |
| a |
|
Кюссак |
| b |
|
Ф. |
| 4 |
|
030 |
| 1 |
|
2001 |
| a |
|
Под окошком твоим |
| e |
|
хорват. нар. песня |
| 1 |
|
036 |
| t |
|
Под окошком твоим... |
| 464 |
Аналитический уровень |
_0 |
| 1 |
|
702 1 |
| a |
|
Меллер |
| b |
|
Г. |
| 4 |
|
030 |
| 1 |
|
2001 |
| a |
|
Старинный танец |
| e |
|
фин. нар. песня |
| 1 |
|
036 |
| t |
|
Мы старинный танец пляшем... |
| 464 |
Аналитический уровень |
_0 |
| 1 |
|
702 1 |
| a |
|
Чобану |
| b |
|
Г. |
| 4 |
|
030 |
| 1 |
|
2001 |
| a |
|
Что мне делать, дай совет... |
| e |
|
румын. нар. песня |
| 1 |
|
036 |
| t |
|
Лист зеленый, алый цвет... |
| 464 |
Аналитический уровень |
_0 |
| 1 |
|
702 1 |
| a |
|
Долуханян |
| b |
|
А. |
| 4 |
|
030 |
| 1 |
|
2001 |
| a |
|
На берегах Ди |
| e |
|
англ. шахтерская песня |
| 1 |
|
036 |
| t |
|
Раз вечером шел я по берегу Ди... |
| 464 |
Аналитический уровень |
_0 |
| 1 |
|
702 1 |
| a |
|
Шарп |
| b |
|
С. |
| 4 |
|
030 |
| 1 |
|
2001 |
| a |
|
Нет, Джон! |
| e |
|
англ. нар. песня |
| 1 |
|
036 |
| t |
|
Жила в селе красотка Мэй... |
| 464 |
Аналитический уровень |
_0 |
| 1 |
|
702 1 |
| a |
|
Сибирский |
| b |
|
В. |
| 4 |
|
030 |
| 1 |
|
2001 |
| a |
|
Сирена зовет |
| e |
|
англ. нар. песня |
| 1 |
|
036 |
| t |
|
Сирена зовет, рулевой у штурвала... |
| 464 |
Аналитический уровень |
_0 |
| 1 |
|
702 1 |
| a |
|
Чисхолм |
| b |
|
Э. |
| 4 |
|
030 |
| 1 |
|
2001 |
| a |
|
Тоска по родине |
| e |
|
ирланд. нар. песня |
| 1 |
|
036 |
| t |
|
Я по родине тоскую... |
| 464 |
Аналитический уровень |
_0 |
| 1 |
|
702 1 |
| a |
|
Дэвис |
| b |
|
В. |
| 4 |
|
030 |
| 1 |
|
702 1 |
| a |
|
Бернс |
| b |
|
Р. |
| 4 |
|
520 |
| 1 |
|
2001 |
| a |
|
Песня о дружбе |
| e |
|
шотл. нар. застольная |
| 1 |
|
036 |
| t |
|
Забыть ли старую любовь и не грустить о ней?.. |
| 464 |
Аналитический уровень |
_0 |
| 1 |
|
702 1 |
| a |
|
Маней |
| b |
|
Ч. |
| 4 |
|
030 |
| 1 |
|
2001 |
| a |
|
Небо |
| e |
|
песня американских негров |
| 1 |
|
036 |
| t |
|
В белых венках, с арфой в руках... |
| 464 |
Аналитический уровень |
_0 |
| 1 |
|
702 1 |
| a |
|
Сигмейстер |
| b |
|
Э. |
| 4 |
|
030 |
| 1 |
|
2001 |
| a |
|
Песня солидарности |
| e |
|
амер. рабочий гимн |
| 1 |
|
036 |
| t |
|
Мы знаем раз и навсегда... |
| 464 |
Аналитический уровень |
_0 |
| 1 |
|
702 1 |
| a |
|
Весселс |
| b |
|
Т. |
| 4 |
|
030 |
| 1 |
|
2001 |
| a |
|
Риг-э-джиг-джиг |
| e |
|
амер. матросская песня |
| 1 |
|
036 |
| t |
|
Идти на берег мой черед... |
| 464 |
Аналитический уровень |
_0 |
| 1 |
|
702 1 |
| a |
|
Казадезюс |
| b |
|
Ф. |
| 4 |
|
030 |
| 1 |
|
702 1 |
| a |
|
Беранже |
| b |
|
П.-Ж. |
| 4 |
|
520 |
| 1 |
|
2001 |
| a |
|
Сенатор |
| e |
|
фр. нар. песня |
| 1 |
|
036 |
| t |
|
Я горжусь своей супругой... |
| 464 |
Аналитический уровень |
_0 |
| 1 |
|
702 1 |
| a |
|
Иорданский |
| b |
|
М. |
| 4 |
|
030 |
| 1 |
|
702 1 |
| a |
|
Беранже |
| b |
|
П.-Ж. |
| 4 |
|
520 |
| 1 |
|
2001 |
| a |
|
Кадэ Русель |
| e |
|
фр. нар. песня |
| 1 |
|
036 |
| t |
|
Кадэ Русель богато жил... |
| 464 |
Аналитический уровень |
_0 |
| 1 |
|
702 1 |
| a |
|
Иорданский |
| b |
|
М. |
| 4 |
|
030 |
| 1 |
|
2001 |
| a |
|
Пой о любви, волынка... |
| e |
|
фр. нар. песня |
| 1 |
|
036 |
| t |
|
Пой о любви, волынка... |
| 464 |
Аналитический уровень |
_0 |
| 1 |
|
702 1 |
| a |
|
Иорданский |
| b |
|
М. |
| 4 |
|
030 |
| 1 |
|
702 1 |
| a |
|
Беранже |
| b |
|
П.-Ж. |
| 4 |
|
520 |
| 1 |
|
2001 |
| a |
|
При лунном свете |
| e |
|
фр. нар. песня |
| 1 |
|
036 |
| t |
|
Ночью в свете лунном... |
| 464 |
Аналитический уровень |
_0 |
| 1 |
|
702 1 |
| a |
|
Бенток |
| b |
|
Г. |
| 4 |
|
030 |
| 1 |
|
2001 |
| a |
|
Мне все равно |
| e |
|
нем. нар. песня |
| 1 |
|
036 |
| t |
|
А мне все равно... |
| 464 |
Аналитический уровень |
_0 |
| 1 |
|
702 1 |
| a |
|
Мельо |
| b |
|
В. |
| 4 |
|
030 |
| 1 |
|
2001 |
| a |
|
Колыбельная |
| e |
|
неаполитан. нар. песня |
| 1 |
|
036 |
| t |
|
Спи, мой сынок... |
| 464 |
Аналитический уровень |
_0 |
| 1 |
|
702 1 |
| a |
|
Объедов |
| b |
|
Ю. |
| 4 |
|
030 |
| 4 |
|
730 |
| 1 |
|
2001 |
| a |
|
Песня путешественника |
| e |
|
норв. нар. песня |
| 1 |
|
036 |
| t |
|
Мешок за плечами и палка в руке... |
| 464 |
Аналитический уровень |
_0 |
| 1 |
|
702 1 |
| a |
|
Сибирский |
| b |
|
В. |
| 4 |
|
030 |
| 1 |
|
2001 |
| a |
|
Мудрый судья |
| e |
|
чил. нар. песня |
| 1 |
|
036 |
| t |
|
Однажды девушка в суд явилась... |
| 464 |
Аналитический уровень |
_0 |
| 1 |
|
702 1 |
| a |
|
Фулиян |
| b |
|
А. |
| 4 |
|
030 |
| 1 |
|
2001 |
| a |
|
Приди |
| e |
|
сирийская нар. песня |
| 1 |
|
036 |
| t |
|
Приди, моя Газель... |
| 464 |
Аналитический уровень |
_0 |
| 1 |
|
702 1 |
| a |
|
Сибирский |
| b |
|
В. |
| 4 |
|
030 |
| 1 |
|
2001 |
| a |
|
Прекрасная Фатьма |
| e |
|
алжир. нар. песня |
| 1 |
|
036 |
| t |
|
Ах, в очах твоих столько молний... |
| 464 |
Аналитический уровень |
_0 |
| 1 |
|
702 1 |
| a |
|
Сибирский |
| b |
|
В. |
| 4 |
|
030 |
| 1 |
|
2001 |
| a |
|
Любовь ушла |
| e |
|
египет. нар. песня |
| 1 |
|
036 |
| t |
|
Ах, любовь ушла далеко... |
| 464 |
Аналитический уровень |
_0 |
| 1 |
|
700 1 |
| a |
|
Бах |
| b |
|
И. С. |
| 1 |
|
702 1 |
| a |
|
Гинзберг |
| b |
|
С. |
| 4 |
|
730 |
| 1 |
|
2001 |
| a |
|
Уходит день |
| 1 |
|
036 |
| t |
|
Уходит день, уж близок час заката... |
| 464 |
Аналитический уровень |
_0 |
| 1 |
|
700 1 |
| a |
|
Бетховен |
| b |
|
Л. |
| 1 |
|
702 1 |
| a |
|
Гете |
| b |
|
И. В. |
| 4 |
|
520 |
| 1 |
|
2001 |
| a |
|
Сурок |
| 1 |
|
036 |
| t |
|
По разным странам я бродил, и мой сурок со мною... |
| 464 |
Аналитический уровень |
_0 |
| 1 |
|
700 1 |
| a |
|
Бетховен |
| b |
|
Л. |
| 1 |
|
702 1 |
| a |
|
Герман |
| b |
|
Ф. Р. |
| 4 |
|
520 |
| 1 |
|
2001 |
| a |
|
Дух бардов |
| 1 |
|
036 |
| t |
|
Видал ли месяц ты златой... |
| 464 |
Аналитический уровень |
_0 |
| 1 |
|
700 1 |
| a |
|
Бетховен |
| b |
|
Л. |
| 1 |
|
702 1 |
| a |
|
Фридельберг |
| 4 |
|
520 |
| 1 |
|
2001 |
| a |
|
Походная песня |
| 1 |
|
036 |
| t |
|
Час разлуки наступает... |
| 464 |
Аналитический уровень |
_0 |
| 1 |
|
700 1 |
| a |
|
Шуберт |
| b |
|
Ф. |
| 1 |
|
702 1 |
| a |
|
Мюллер |
| b |
|
В. |
| 4 |
|
520 |
| 1 |
|
2001 |
| a |
|
Шарманщик |
| 1 |
|
036 |
| t |
|
Вот стоит шарманщик грустно за селом... |
| 464 |
Аналитический уровень |
_0 |
| 1 |
|
700 1 |
| a |
|
Шуберт |
| b |
|
Ф. |
| 1 |
|
702 1 |
| a |
|
Плещеев |
| b |
|
А. |
| 4 |
|
730 |
| 1 |
|
2001 |
| a |
|
Прости! |
| 1 |
|
036 |
| t |
|
Близка пора разлуки... |
| 464 |
Аналитический уровень |
_0 |
| 1 |
|
700 1 |
| a |
|
Шуман |
| b |
|
Р. |
| 1 |
|
702 1 |
| a |
|
Фаллерслебен |
| b |
|
Г. |
| 4 |
|
520 |
| 1 |
|
2001 |
| a |
|
Вечерняя звезда |
| 1 |
|
036 |
| t |
|
Далекий мой друг... |
| 464 |
Аналитический уровень |
_0 |
| 1 |
|
700 1 |
| a |
|
Шуман |
| b |
|
Р. |
| 1 |
|
702 1 |
| a |
|
Эйхендорф |
| b |
|
И. |
| 4 |
|
520 |
| 1 |
|
2001 |
| a |
|
В старом замке |
| 1 |
|
036 |
| t |
|
Сном забылся непробудным... |
| 464 |
Аналитический уровень |
_0 |
| 1 |
|
700 1 |
| a |
|
Григ |
| b |
|
Э. |
| 1 |
|
702 1 |
| a |
|
Гейне |
| b |
|
Г. |
| 4 |
|
520 |
| 1 |
|
2001 |
| a |
|
Старая песня |
| 1 |
|
036 |
| t |
|
Когда-то жил седой король... |
| 464 |
Аналитический уровень |
_0 |
| 1 |
|
700 1 |
| a |
|
Дюпюи |
| b |
|
А. Ж. |
| 1 |
|
702 1 |
| a |
|
Дюпюи |
| b |
|
А. Ж. |
| 4 |
|
520 |
| 1 |
|
2001 |
| a |
|
Юность, вперед! |
| 1 |
|
036 |
| t |
|
В руке рука, любовь крепка... |
| 464 |
Аналитический уровень |
_0 |
| 1 |
|
700 1 |
| a |
|
Лемарк |
| b |
|
Ф. |
| 1 |
|
702 1 |
| a |
|
Лемарк |
| b |
|
Ф. |
| 4 |
|
520 |
| 1 |
|
2001 |
| a |
|
Песенка французского солдата |
| 1 |
|
036 |
| t |
|
Бьет барабан, красотки смотрят вслед... |
| 464 |
Аналитический уровень |
_0 |
| 1 |
|
700 1 |
| a |
|
Фальво |
| b |
|
Р. |
| 1 |
|
702 1 |
| a |
|
Улицкий |
| b |
|
М. |
| 4 |
|
730 |
| 1 |
|
2001 |
| a |
|
Скажите, девушки... |
| 1 |
|
036 |
| t |
|
Скажите, девушки, подружке вашей... |
| 464 |
Аналитический уровень |
_0 |
| 1 |
|
700 1 |
| a |
|
Марини |
| b |
|
М. |
| 1 |
|
702 1 |
| a |
|
Марини |
| b |
|
М. |
| 4 |
|
520 |
| 1 |
|
2001 |
| a |
|
Самая прекрасная в мире |
| 1 |
|
036 |
| t |
|
Весна пришла, небеса засияли... |
| 464 |
Аналитический уровень |
_0 |
| 1 |
|
700 1 |
| a |
|
Вила-Лобос |
| b |
|
Э. |
| 1 |
|
702 1 |
| a |
|
Слова народные |
| 4 |
|
520 |
| 1 |
|
2001 |
| a |
|
Желтая птичка |
| e |
|
элегическая песня из цикла "Три индейские поэмы" |
| 1 |
|
036 |
| t |
|
На ветке пальмы певунья птичка свила гнездо... |
| 1 |
|
50010 |
| a |
|
Три индейские поэмы |
| i |
|
Желтая птичка |
| 464 |
Аналитический уровень |
_0 |
| 1 |
|
700 1 |
| a |
|
Сигер |
| b |
|
П. |
| 1 |
|
702 1 |
| a |
|
Слова народные |
| 4 |
|
520 |
| 1 |
|
2001 |
| a |
|
Товарный поезд |
| 1 |
|
036 |
| t |
|
Поезд, поезд, вдаль лети... |
| 464 |
Аналитический уровень |
_0 |
| 1 |
|
700 1 |
| a |
|
Робинсон |
| b |
|
Э. |
| 1 |
|
702 1 |
| a |
|
Болотин |
| b |
|
С. |
| 4 |
|
730 |
| 1 |
|
2001 |
| a |
|
Джо Хилл |
| e |
|
баллада |
| 1 |
|
036 |
| t |
|
Приснился мне Джо Хилл... |
| 464 |
Аналитический уровень |
_0 |
| 1 |
|
700 1 |
| a |
|
Алябьев |
| b |
|
А. |
| 1 |
|
702 1 |
| a |
|
Пушкин |
| b |
|
А. |
| 4 |
|
520 |
| 1 |
|
2001 |
| a |
|
Я вас любил... |
| 1 |
|
036 |
| t |
|
Я вас любил, любовь еще быть может... |
| 464 |
Аналитический уровень |
_0 |
| 1 |
|
700 1 |
| a |
|
Алябьев |
| b |
|
А. |
| 1 |
|
702 1 |
| a |
|
Пушкин |
| b |
|
А. |
| 4 |
|
520 |
| 1 |
|
2001 |
| a |
|
Если жизнь тебя обманет... |
| 1 |
|
036 |
| t |
|
Если жизнь тебя обманет... |
| 464 |
Аналитический уровень |
_0 |
| 1 |
|
700 1 |
| a |
|
Гурилев |
| b |
|
А. |
| 1 |
|
702 1 |
| a |
|
Сельский |
| b |
|
С. |
| 4 |
|
520 |
| 1 |
|
2001 |
| a |
|
Улетела пташечка... |
| 1 |
|
036 |
| t |
|
Улетела пташечка в дальние края... |
| 464 |
Аналитический уровень |
_0 |
| 1 |
|
700 1 |
| a |
|
Булахов |
| b |
|
П. |
| 1 |
|
702 1 |
| a |
|
Слова неизвестного автора |
| 4 |
|
520 |
| 1 |
|
2001 |
| a |
|
Не пробуждай воспоминаний... |
| 1 |
|
036 |
| t |
|
Не пробуждай воспоминаний минувших дней... |
| 464 |
Аналитический уровень |
_0 |
| 1 |
|
700 1 |
| a |
|
Булахов |
| b |
|
П. |
| 1 |
|
702 1 |
| a |
|
Греков |
| b |
|
Н. |
| 4 |
|
520 |
| 1 |
|
2001 |
| a |
|
Свидание |
| 1 |
|
036 |
| t |
|
В час, когда мерцанье звезды разольют... |
| 464 |
Аналитический уровень |
_0 |
| 1 |
|
700 1 |
| a |
|
Дюбюк |
| b |
|
А. |
| 1 |
|
702 1 |
| a |
|
Гейне |
| b |
|
Г. |
| 4 |
|
520 |
| 1 |
|
2001 |
| a |
|
Не обмани! |
| 1 |
|
036 |
| t |
|
Как две звезды сквозь синий мрак ночей... |
| 464 |
Аналитический уровень |
_0 |
| 1 |
|
700 1 |
| a |
|
Дюбюк |
| b |
|
А. |
| 1 |
|
2001 |
| a |
|
Улица, улица... |
| 1 |
|
036 |
| t |
|
Раз возвращаюсь домой я к себе... |
| 464 |
Аналитический уровень |
_0 |
| 1 |
|
700 1 |
| a |
|
Дюбюк |
| b |
|
А. |
| 1 |
|
702 1 |
| a |
|
Писарев |
| b |
|
С. |
| 4 |
|
520 |
| 1 |
|
2001 |
| a |
|
Поцелуй же меня, моя душечка! |
| 1 |
|
036 |
| t |
|
Тебя встретил я... |
| 464 |
Аналитический уровень |
_0 |
| 1 |
|
700 1 |
| a |
|
Яковлев |
| b |
|
М. |
| 1 |
|
702 1 |
| a |
|
Дельвиг |
| b |
|
А. |
| 4 |
|
520 |
| 1 |
|
2001 |
| a |
|
Элегия |
| 1 |
|
036 |
| t |
|
Когда душа просилась... |
| 464 |
Аналитический уровень |
_0 |
| 1 |
|
700 1 |
| a |
|
Абаза |
| b |
|
В. |
| 1 |
|
702 1 |
| a |
|
Тургенев |
| b |
|
И. |
| 4 |
|
520 |
| 1 |
|
2001 |
| a |
|
Утро туманное... |
| 1 |
|
036 |
| t |
|
Утро туманное, утро седое... |
| 464 |
Аналитический уровень |
_0 |
| 1 |
|
700 1 |
| a |
|
Шереметев |
| b |
|
Б. |
| 1 |
|
702 1 |
| a |
|
Пушкин |
| b |
|
А. |
| 4 |
|
520 |
| 1 |
|
2001 |
| a |
|
Я вас любил... |
| 1 |
|
036 |
| t |
|
Я вас любил, любовь еще быть может... |
| 464 |
Аналитический уровень |
_0 |
| 1 |
|
700 1 |
| a |
|
Глинка |
| b |
|
М. |
| 1 |
|
702 1 |
| a |
|
Забила |
| b |
|
В. |
| 4 |
|
520 |
| 1 |
|
2001 |
| a |
|
Не щебечи, соловейку... |
| 1 |
|
036 |
| t |
|
Не щебечи, соловейку... |
| 464 |
Аналитический уровень |
_0 |
| 1 |
|
700 1 |
| a |
|
Глинка |
| b |
|
М. |
| 1 |
|
702 1 |
| a |
|
Забила |
| b |
|
В. |
| 4 |
|
520 |
| 1 |
|
2001 |
| a |
|
Гуде вiтер... |
| 1 |
|
036 |
| t |
|
Гуде вiтер вельми в полi... |
| 464 |
Аналитический уровень |
_0 |
| 1 |
|
700 1 |
| a |
|
Глинка |
| b |
|
М. |
| 1 |
|
702 1 |
| a |
|
Голицын |
| b |
|
С. |
| 4 |
|
520 |
| 1 |
|
2001 |
| a |
|
Забуду ль я... |
| 1 |
|
036 |
| t |
|
Забуду ль я волшебство слов твоих... |
| 464 |
Аналитический уровень |
_0 |
| 1 |
|
700 1 |
| a |
|
Даргомыжский |
| b |
|
А. |
| 1 |
|
702 1 |
| a |
|
Пушкин |
| b |
|
А. |
| 4 |
|
520 |
| 1 |
|
2001 |
| a |
|
Я вас любил... |
| 1 |
|
036 |
| t |
|
Я вас любил, любовь еще быть может... |
| 464 |
Аналитический уровень |
_0 |
| 1 |
|
700 1 |
| a |
|
Даргомыжский |
| b |
|
А. |
| 1 |
|
702 1 |
| a |
|
Курочкин |
| b |
|
В. |
| 4 |
|
520 |
| 1 |
|
2001 |
| a |
|
Мчит меня в твои объятья... |
| 1 |
|
036 |
| t |
|
Мчит меня в твои объятья... |
| 464 |
Аналитический уровень |
_0 |
| 1 |
|
700 1 |
| a |
|
Кюи |
| b |
|
Ц. |
| 1 |
|
702 1 |
| a |
|
Пушкин |
| b |
|
А. |
| 4 |
|
520 |
| 1 |
|
2001 |
| a |
|
Царскосельская статуя |
| 1 |
|
036 |
| t |
|
Урну с водой уронив... |
| 464 |
Аналитический уровень |
_0 |
| 1 |
|
700 1 |
| a |
|
Чайковский |
| b |
|
П. |
| 1 |
|
702 1 |
| a |
|
Плещеев |
| b |
|
А. |
| 4 |
|
520 |
| 1 |
|
2001 |
| a |
|
Осень |
| 1 |
|
036 |
| t |
|
Скучная картина!.. |
| 464 |
Аналитический уровень |
_0 |
| 1 |
|
700 1 |
| a |
|
Соколовский |
| b |
|
Н. |
| 1 |
|
702 1 |
| a |
|
Кольцов |
| b |
|
А. |
| 4 |
|
520 |
| 1 |
|
2001 |
| a |
|
В поле ветер веет... |
| 1 |
|
036 |
| t |
|
В поле ветер веет... |
| 464 |
Аналитический уровень |
_0 |
| 1 |
|
700 1 |
| a |
|
Книппер |
| b |
|
Л. |
| 1 |
|
702 1 |
| a |
|
Гусев |
| b |
|
В. |
| 4 |
|
520 |
| 1 |
|
2001 |
| a |
|
Степная кавалерийская |
| 1 |
|
036 |
| t |
|
Полюшко-поле (ды)... |
| 1 |
|
5171 |
| a |
|
Полюшко-поле |
| 464 |
Аналитический уровень |
_0 |
| 1 |
|
700 1 |
| a |
|
Покрасс |
| b |
|
Дм. |
| 1 |
|
702 1 |
| a |
|
Исаковский |
| b |
|
М. |
| 4 |
|
520 |
| 1 |
|
2001 |
| a |
|
Прощание |
| 1 |
|
036 |
| t |
|
Дан приказ: ему на запад... |
| 464 |
Аналитический уровень |
_0 |
| 1 |
|
700 1 |
| a |
|
Блантер |
| b |
|
М. |
| 1 |
|
702 1 |
| a |
|
Галич |
| b |
|
А. |
| 4 |
|
520 |
| 1 |
|
2001 |
| a |
|
Ой ты, Северное море... |
| 1 |
|
036 |
| t |
|
Разыгралась к ночи вьюга... |
| 464 |
Аналитический уровень |
_0 |
| 1 |
|
700 1 |
| a |
|
Блантер |
| b |
|
М. |
| 1 |
|
702 1 |
| a |
|
Жаров |
| b |
|
А. |
| 4 |
|
520 |
| 1 |
|
2001 |
| a |
|
Грустные ивы |
| 1 |
|
036 |
| t |
|
Грустные ивы склонились к пруду... |
| 464 |
Аналитический уровень |
_0 |
| 1 |
|
700 1 |
| a |
|
Блантер |
| b |
|
М. |
| 1 |
|
702 1 |
| a |
|
Коваленков |
| b |
|
А. |
| 4 |
|
520 |
| 1 |
|
2001 |
| a |
|
Солнце скрылось за горою... |
| 1 |
|
036 |
| t |
|
Солнце скрылось за горою... |
| 464 |
Аналитический уровень |
_0 |
| 1 |
|
700 1 |
| a |
|
Мокроусов |
| b |
|
Б. |
| 1 |
|
702 1 |
| a |
|
Алымов |
| b |
|
С. |
| 4 |
|
520 |
| 1 |
|
2001 |
| a |
|
Хороши весной в саду цветочки... |
| 1 |
|
036 |
| t |
|
Хороши весной в саду цветочки... |
| 464 |
Аналитический уровень |
_0 |
| 1 |
|
700 1 |
| a |
|
Мокроусов |
| b |
|
Б. |
| 1 |
|
702 1 |
| a |
|
Исаковский |
| b |
|
М. |
| 4 |
|
520 |
| 1 |
|
2001 |
| a |
|
Одинокая гармонь |
| 1 |
|
036 |
| t |
|
Снова замерло все до рассвета... |
| 464 |
Аналитический уровень |
_0 |
| 1 |
|
700 1 |
| a |
|
Соловьев-Седой |
| b |
|
В. |
| 1 |
|
702 1 |
| a |
|
Глейзаров |
| b |
|
Н. |
| 4 |
|
520 |
| 1 |
|
2001 |
| a |
|
Споем, друзья... |
| 1 |
|
036 |
| t |
|
Шумит вдали прибой... |
| 464 |
Аналитический уровень |
_0 |
| 1 |
|
700 1 |
| a |
|
Хренников |
| b |
|
Т. |
| 1 |
|
702 1 |
| a |
|
Гладков |
| b |
|
А. |
| 4 |
|
520 |
| 1 |
|
2001 |
| a |
|
Песенка Лепелетье |
| e |
|
из муз. к спектаклю "Давным-давно" |
| 1 |
|
036 |
| t |
|
Жил-был Анри Четвертый... |
| 1 |
|
50010 |
| a |
|
Давным-давно |
| i |
|
Песенка Лепелетье |
| 464 |
Аналитический уровень |
_0 |
| 1 |
|
700 1 |
| a |
|
Кабалевский |
| b |
|
Д. |
| 1 |
|
702 1 |
| a |
|
Богомазов |
| b |
|
С. |
| 4 |
|
520 |
| 1 |
|
2001 |
| a |
|
Серенада Дон-Кихота |
| 1 |
|
036 |
| t |
|
На турнире, на пиру и на охоте... |
| 464 |
Аналитический уровень |
_0 |
| 1 |
|
700 1 |
| a |
|
Мурадели |
| b |
|
В. |
| 1 |
|
702 1 |
| a |
|
Савинов |
| b |
|
Е. |
| 4 |
|
520 |
| 1 |
|
2001 |
| a |
|
Русская гармонь |
| 1 |
|
036 |
| t |
|
По опушкам, по огнищам, над уснувшею рекой... |
| 464 |
Аналитический уровень |
_0 |
| 1 |
|
700 1 |
| a |
|
Флярковский |
| b |
|
А. |
| 1 |
|
702 1 |
| a |
|
Гнеушев |
| b |
|
В. |
| 4 |
|
520 |
| 1 |
|
2001 |
| a |
|
Для тебя... |
| e |
|
песня из кф. "Город большой судьбы" |
| 1 |
|
036 |
| t |
|
Для тебя, любимая... |
| 1 |
|
50010 |
| a |
|
Город большой судьбы |
| i |
|
Для тебя... |
| 464 |
Аналитический уровень |
_0 |
| 1 |
|
700 1 |
| a |
|
Баснер |
| b |
|
В. |
| 1 |
|
702 1 |
| a |
|
Матусовский |
| b |
|
М. |
| 4 |
|
520 |
| 1 |
|
2001 |
| a |
|
На безымянной высоте |
| e |
|
песня из кф. "Тишина" |
| 1 |
|
50010 |
| a |
|
Тишина |
| i |
|
На безымянной высоте |
| 464 |
Аналитический уровень |
_0 |
| 1 |
|
700 1 |
| a |
|
Фельцман |
| b |
|
О. |
| 1 |
|
702 1 |
| a |
|
Ошанин |
| b |
|
Л. |
| 4 |
|
520 |
| 1 |
|
2001 |
| a |
|
Песенка моего друга |
| 1 |
|
036 |
| t |
|
Стоят дворцы, стоят вокзалы... |
| 464 |
Аналитический уровень |
_0 |
| 1 |
|
700 1 |
| a |
|
Левина |
| b |
|
З. |
| 1 |
|
702 1 |
| a |
|
Мамлин |
| b |
|
Г. |
| 4 |
|
520 |
| 1 |
|
2001 |
| a |
|
Веселая песенка |
| 1 |
|
036 |
| t |
|
Эту песню без конца и без начала... |
| 464 |
Аналитический уровень |
_0 |
| 1 |
|
700 1 |
| a |
|
Кочуров |
| b |
|
Ю. |
| 1 |
|
702 1 |
| a |
|
Гарнакерьян |
| b |
|
А. |
| 4 |
|
520 |
| 1 |
|
2001 |
| a |
|
Посвящение |
| 1 |
|
036 |
| t |
|
В часы скупого вдохновенья... |
| 464 |
Аналитический уровень |
_0 |
| 1 |
|
700 1 |
| a |
|
Шостакович |
| b |
|
Д. |
| 1 |
|
702 1 |
| a |
|
Бернс |
| b |
|
Р. |
| 4 |
|
520 |
| 1 |
|
702 1 |
| a |
|
Маршак |
| b |
|
С. |
| 4 |
|
730 |
| 1 |
|
2001 |
| a |
|
Дженни |
| 1 |
|
036 |
| t |
|
Пробираясь до калитки полем, вдоль межи... |
| 464 |
Аналитический уровень |
_0 |
| 1 |
|
700 1 |
| a |
|
Шостакович |
| b |
|
Д. |
| 1 |
|
702 1 |
| a |
|
Долматовский |
| b |
|
Е. |
| 4 |
|
520 |
| 1 |
|
2001 |
| a |
|
День воспоминаний |
| 1 |
|
036 |
| t |
|
Была такая песенка одна... |
| 512 |
Заглавие обложки |
1_ |
| a |
Заглавие обложки |
Репертуар начинающего певца |
| 606 |
Тематические рубрики |
0_ |
| a |
Основная рубрика |
Сольное пение |
| x |
Основная подрубрика |
Низкий голос |
| x |
Основная подрубрика |
Репертуар |
| x |
Основная подрубрика |
Песни и романсы |
| 610 |
Ключевые слова |
0_ |
| a |
Ключевые слова |
сольное пение; низкий голос; репертуар; песни и романсы |
| 686 |
Индексы других классификаций |
__ |
| a |
Классификационный индекс |
85.943.93 |
| a |
Классификационный индекс |
85.943.3-42я43 |
| 2 |
Код системы |
rubbk |
| 702 |
Вторичная интеллектуальная ответственность |
_1 |
| a |
Фамилия |
Далецкий |
| b |
Имя (инициалы) |
О. В. |
| g |
Полное личное имя |
Олег Витальевич |
| 4 |
Код отношения |
220 |
| 4 |
Код отношения |
080 |
| 801 |
Источник записи |
_0 |
| a |
Страна |
RU |
| b |
Организация |
Ульяновская ОНБ |
| c |
Дата составления |
20231209 |
| g |
Правила каталогизации |
RCR |
| 801 |
Источник записи |
_1 |
| a |
Страна |
RU |
| b |
Организация |
Ульяновская ОНБ |
| c |
Дата составления |
20231209 |
| g |
Правила каталогизации |
RCR |
| 901 |
Тип документа |
__ |
| t |
Тип документа |
m |
| 909 |
Создатель записи |
__ |
| a |
Создатель записи |
Грязнова И. Е. |